000 01293nam a2200361 a 4500
001 0000243
003 DO-SdBNP
005 20160411114547.0
007 0000243
008 150130s2010 dr abc 000 0 spa d
020 _a9789945444042
040 _aBPMSU
_bspa
_cBPMSU
092 _a372.7
_bR788m , 2do. 2010
100 1 _a Rosa, María del Jesús de la
245 1 0 _aMatemática 2 :
_b[educación básica] /
_cMaría del Jesús de la Rosa, Francisca Antonia Medrano ; ilustraciones Ramón Sandoval.
250 _a2a. ed. rev. y actualizada
260 _aSanto Domingo :
_bActualidad Escolar 2000,
_c2010.
300 _a192 p. :
_bil., retrs. ;
_c28 cm.
490 1 _aSigma
500 _aLa biblioteca posee el libro de texto.
505 1 _tLa ciudad --
_tMi deporte favorito --
_tDe visita en el banco --
_tLa plaza comercial --
650 _aMATEMÁTICA
_xENSEÑANZA BÁSICA
650 _aMATEMÁTICA
_xENSEÑANZA ELEMENTAL
650 _aEDUCACIÓN PRIMARIA
_zREPÚBLICA DOMINICANA
650 _aMATEMÁTICA
_xLIBROS DE TEXTOS
650 _aMATEMÁTICA
_xESTUDIOS Y EJERCICIOS
700 1 _aMedrano, Francisca Antonia
700 1 _aSandoval, Ramón
_eil.
830 0 _aSigma
910 _aValidado. Control de calidad MFF
942 _2ddc
_cBK
956 _aYLOCKWARD
_b10
999 _c9571
_d9571